Quizzes
Events
Quiz Creation
Community
Videos
Private Events
Remove Ads
Sign In
Join for FREE
Feedback
Dark Mode
Quiz Categories
Sports
Geography
Music
Movies
Television
Just For Fun
Miscellaneous
History
Literature
Language
Science
Gaming
Entertainment
Religion
Holiday
For Kids
Quiz Lab
Recent
Popular Today
Quiz Kudos Today
Editor Picks
Curator Picks
Quizzes by...
Day
Popularity
Type
Ratings
Length
Year
Community
Subscriptions
Recent Discussions
Orange Saloon
Badges
Playlists
Quests
Create
Leaderboards
Showdown
Live 5
Trivia Bingo
Activity
Puzzle Library
Sporcle Events
Private Events
Virtual Trivia
Globe League
Become a Host
Pub Owners
SporcleCon
Opinionation
Our Games
Videos
Blog
Mobile Apps
Partnerships
Remove Ads and Go Orange
Feedback
Language
Vocabulary
Begins and Ends
Definition
Spanish
French
German
Italian
Chinese
Latin
Translation
Japanese
Language
Vocabulary
Begins and Ends
Definition
Spanish
French
German
Italian
Chinese
Latin
Translation
Japanese
Random Quiz
Search Sporcle
×
Quiz Lab
Quiz Lab
Language
Translation
Type in answers that appear in a list
Type in answers that appear in a list
Classic
Best Score? Go Orange.
Language by Translation of 'Hello' Stats
Can you name the language by their word(s) for 'Hello'?
By
ktf_oregon
10m
36 Questions
45 Plays
45 Plays
45 Plays
Comments
Comments
Give Quiz Kudos
Give Quiz Kudos
-
- Ratings
hide this ad
More Info
Forced Order
Answers have to be entered in order
Answers have to be entered in order
Random Order
Randomize order of answers
Randomize order of answers
Replay
Link that replays current quiz
Next Quiz
Link to next quiz in quiz playlist
You Got
0%
They Got
Avg Score
52%
Avg Friend Score
Upgrade to see
Score Distribution
Jump to the score distribution portion of the page
Score
0/36
Timer
10:00
0
Plays Today
Translation
Language
% Correct
Hello
English
91.1%
Hola
Spanish
91.1%
Bonjour
French
91.1%
Aloha
Hawaiian
91.1%
Guten tag
German
88.9%
Konnichiwa
Japanese
88.9%
Ciao
Italian
86.7%
Nǐ hǎo
Mandarin
84.4%
As-
salām 'alaykum
Arabic
80%
Hallo
Dutch
80%
Olá
Portuguese
77.8%
Namaste
Hindi/Most Hindustan Lanaguages
75.6%
Annyeong
Korean
71.1%
Hej
Danish
66.7%
Hallå
Swedish
64.4%
Privét
Russian
62.2%
Chào anh/
chị
Vietnamese
60%
Néih hóu
Cantonese
55.6%
Translation
Language
% Correct
Zdravo
Macedonian
51.1%
Sà-
wàt-
dee
Thai
48.9%
Merhaba
Turkish
44.4%
Dia dhuit
Irish
40%
Saluton
Esperanto
35.6%
Apa kabar
Indonesian
28.9%
Ya sou
Greek
28.9%
Hei
Finnish
26.7%
Habari
Swahili
26.7%
Sain uu
Mongolian
22.2%
Shwmae
Welsh
22.2%
Dorood
Farsi
20%
A gutn tog
Yiddish
20%
Si je
Albanian
17.8%
Rimaykullayki
Quechua
17.8%
Kihineh
Dhivehi
15.6%
Halò
Scottish Gaelic
15.6%
Salamatsyngby
Kyrgyz
13.3%
Quiz Playlist
Details
Report
Send in Message
Add To Playlist
More Info:
Note: Languages with non-Latin alphabets have been phonetically written in the Latin alphabet.
Classic:
Type in answers that appear in a list
Forced Order:
Answers have to be entered in order
Random Order:
Randomize order of answers
Quiz Source
Last Updated: Jan 23, 2023
Quiz Scoreboard
CHALLENGE
Sign Up to Join the Scoreboard
Show All
Scores
Hide
Comments
May contain spoilers
Recently Published
An Introduction to Baseball
by treessimontrees
Sports
5m
Movies - When Are They Set?
by FPL_Elf
Movies
5m
Popular People in 1961
by mucciniale
History
6m
More to Explore
Quiz From the Vault
Featured Blog Post
Where Did the Easter Bunny Come From?
hide this ad
You Might Also Like...
Tags
Translation Quiz
hello
Today's Top Quizzes in Language
Browse Language
hide this ad
Today's Top Quizzes in Translation
Browse Translation
Top Contributed Quizzes in Language
1
1-10 Letter F Words III
2
Order Up: Top 10 Most Native Spoken Languages
3
1-10 Letter G Words III
4
1-10 Letter H Words III
5
One Thing in Common: Italy
6
1-10 Letter I Words III
7
Weisst du, aus welchen Sprachen diese Wörter stammen?
8
1-10 Letter J Words III
9
Begins and Ends With AN
10
Celtic Nations in their Language
Explore More
Trending Topics
Anime
Kpop
Crossword
NBA
Marvel
Disney
Harry Potter
The Office
Pokémon
Song
Puzzle
NFL
Country
Soccer
WWE
hide this ad
More By:
ktf_oregon
Quiz
Plays
Rating
Category
Featured
Created
States with Large Cities
334,250
3.62
Geography
Jul 16, 2015
Minority Languages by Country
1,340
4.31
Language
Jun 19, 2015
African Languages
1,154
4.64
Language
Jun 21, 2015
Numbers 1-200
820
4.00
Entertainment
Apr 8, 2015
US States by Tallest Building (slideshow)
725
4.50
Geography
Sep 7, 2015
Go to Creator's Profile
Score Distribution
Quiz Creator Spotlight
ktf_oregon
Follow
Send a Message
Quizzes Created
-
Created Quiz Play Count
-
More By This Creator
Popular Quizzes Today
1
Find the Countries of Europe - No Outlines Minefield
2
Find the US States - No Outlines Minefield
3
The Countries of the World
4
Popular People in 1961
5
Find the US States
6
US States
7
1-10 Letter E Words III
8
Risky Map Clicking: Biggest States A-Z
More Language Quizzes
4-Letter 'PL' Words
Quiz Lab
Trending Quizzes
Risky Map Clicking: Least Populous States A-Z
1-10 Letter F Words
1-10 Letter G Words
Not Quite an Element Typing Challenge
One Thing in Common: United Kingdom
Recently Updated
Leaping Animals
pecheneg
Reality TV Shows (A-Z)
bhenderson79
Rickey Henderson's Hall of Fame Teammates
pecheneg
Champions League XIs: Arsenal
pecheneg
Quick Pick: Celebrities in WWE's Hall of Fame
aduchscher
A-Z Keypad Blitz II
pecheneg
Multiple Oscar Actors
pecheneg
Mystery Phrase Blitz: Oscar 'Best Actors'
pecheneg
F. Scott Fitzgerald Novels
LTH
Pick 3 Villains
ddd62291
Trending Topics
Harry Potter
NBA
Anime
Kpop
Marvel
Disney
Crossword
The Office
Pokémon
Song
NFL
Country
Puzzle
Soccer
WWE
Your Account Isn't Verified!
In order to create a playlist on Sporcle, you need to verify the email address you used during registration. Go to your
Sporcle Settings
to finish the process.
Report this User
Report this user for behavior that violates our
Community Guidelines
.
Details:
Send Report
Go to the Sporcle.com Mobile Site →
Comments